Normal view
MARC view
- Decks (Architecture, Domestic)
Entry Topical Term
001 - CONTROL NUMBER
- control field: 88471
003 - CONTROL NUMBER IDENTIFIER
- control field: NUST
005 - DATE AND TIME OF LATEST TRANSACTION
- control field: 20220118133843.0
008 - FIXED-LENGTH DATA ELEMENTS
- fixed length control field: 220118|| aca||aabn | a|a d
040 ## - CATALOGING SOURCE
- Original cataloging agency: NUST
- Transcribing agency: NUST
150 ## - HEADING--TOPICAL TERM
- Topical term or geographic name entry element: Decks (Architecture, Domestic)
670 ## - SOURCE DATA FOUND
- Source citation: Work cat.: (NUST): Alonso, Claudia Martinez 88470, Terraces And Balconies 500 Tricks, 2015.
